Potencial de riego de zona montañosa con microclima seco

Salvato in:
Dettagli Bibliografici
Autore principale: Flores Calderón, Oscar
Natura: Libro
Pubblicazione: [San José , Costa Rica] 1985
Soggetti:
Tags: Aggiungi Tag
Nessun Tag, puoi essere il primo ad aggiungerne!!

MARC

LEADER 00000nam a2200000Ia 4500
003 002563
005 20221231144409.0
008 140114s1985 cr a m 000 ||s d
040 |c cru CEDI 
090 |a TFG 1564 
100 |a Flores Calderón, Oscar  |9 14843 
245 |a Potencial de riego de zona montañosa con microclima seco 
260 |c 1985  |a [San José , Costa Rica] 
300 |a  vi, 86 hojas : ilustraciones, mapas (color plegables) ; 28 cm  
500 |a  Proyecto de graduación (ingeniero civil)--Universidad de Costa Rica. Escuela de Ingeniería Civil 
650 |x RIEGO - ALFARO RUIZ (ZARCERO, ALAJUELA, COSTA RICA)  |9 14479 
942 |c TFG 
999 |c 21269  |d 21269